| 000 | 00573nam a2200229Ia 4500 | ||
|---|---|---|---|
| 005 | 20250425160740.0 | ||
| 008 | 250425s9999 xx 000 0 und d | ||
| 020 | _a9688808164 | ||
| 041 | _aspa | ||
| 082 | _a621.3192 | ||
| 245 | 0 | _aANALISIS BASICO DE CIRCUITOS EN INGENIERIA | |
| 250 | _a5A ED. | ||
| 260 | _aMEXICO | ||
| 260 |
_aMéxico _bPRENTICE HALL _c1997 |
||
| 300 | _a952 | ||
| 650 | _aANALISIS DE CIRCUITOS | ||
| 650 | _aDISEÑO EN INGENIERIA | ||
| 650 | _aLEY DE OHM | ||
| 700 |
_aRICARDO CRUZ QUINTANA _etraductor |
||
| 942 | _c01 | ||
| 010 | _a4330 | ||
| 999 |
_c195365 _d195365 |
||